A Guitarra Azul (Registo nº 201439)

Detalhes MARC
000 -Etiqueta do registo
Valores 00657nam 22002293 4500
010 ## - Número ISBN
ISBN 978-972-0-04822-6
021 ## - Número do Depósito Legal
Código do país Portugal
Número 408185/16
100 ## - Dados gerais de processamento
Dados gerais 20260320d u||y0pory50 ba
101 ## - Língua de publicação
Língua Português
200 ## - Titulo e menção de responsabilidade
Título próprio A Guitarra Azul
Primeira menção de responsabilidade John Banville
Outras menções de responsabilidade Tradução de Tânia Ganho
205 ## - Menção da edição
Edição
210 ## - Publicação
Local de publicação Lisboa
Nome do editor Porto Editora
Data de publicação 2016
215 ## - Descrição física 
Paginação / Volumes 238, [2] p.
Outras indicações físicas Brochado
Dimensões 24 cm
300 ## - Notas gerais 
Texto da nota Romance
606 ## - Nome comum usado como assunto
ID Autoridade 1143
Palavra de ordem Literatura Irlandesa
675 ## - CDU
Notação 821.111(417)-31/BAN/GUI
Edição PT
Língua por
700 ## - Autor principal (pessoa individual)
ID Autoridade 5627
Apelido Banville
Nome John
Datas 1945-
801 ## - Fonte de origem
País PT
Agência BMMN
Regras de catalogação RPC
830 ## - Notas gerais do catalogador
Criado por Carlos Pinto
Data de criação 20-03-2026
Indexado por Carlos Pinto
990 ## - Elementos KOHA
Tipo de documento Livro
Exemplares
Situação do levantamento Biblioteca de origem Código de barras Cota Permissão de empréstimo Tipo de documento Forma de aquisição
  Escola Secundária de Montemor-o-Novo 30763 821.111(417)-31/BAN/GUI   Livro Oferta

Powered by Koha